First insights into business; teacher's book /

Guardado en:
Autor Principal: Robbins Sue
Formato: Libro
Publicado: Harlow : Longman, 2000
Materias:
Etiquetas: Agregar Etiqueta
Sin Etiquetas, Sea el primero en etiquetar este registro!
LEADER 00459nam a22001695a 4500
001 CEM.cems011203
005 20060214000000.0
008 130507s2000##################000#0#####d
003 CEMS
082 0 4 |a 428.64 
100 1 |a Robbins Sue 
245 1 0 |a First insights into business; teacher's book / 
260 |a Harlow :  |b Longman,  |c 2000 
300 |a 96 p. 
653 |a Ingles 
653 |a Ingles-textos 
859 |a CEMS  |b BIB. CEMS - 11 de abril  |h 428.64  |i R55-1  |p 22094.03  |t Ej.1